000 00266nam a2200097Ia 4500
008 240331s9999 xx 000 0 und d
082 _bTAB
100 _aKulick, D. ed
245 0 _aTaboo :
_bsex,identity and erotic subjectivity in anthropological field work
942 _cL
999 _c2126
_d2126